| 000 | 00612nam a2200193 a 4500 | ||
|---|---|---|---|
| 008 | 120416s1981 ||||||||||||||||| || u | ||
| 020 | _a0900630507 | ||
| 050 | _aNA 2545.P5 GOL | ||
| 100 | _aGoldsmith, Selwyn | ||
| 245 | 1 | 0 | _aDesigning for the disabled. (3rd ed.) |
| 250 | _a3rd ed. | ||
| 260 |
_aLondon _bRIBA _c1981 |
||
| 300 | _a525p. : ill. | ||
| 350 | _a0.00 | ||
| 500 | _aIncludes index. -Bibliography | ||
| 650 | _aBARRIER--FREE DESIGN | ||
| 650 | _aDESIGN | ||
| 995 |
_D0.00 _FCBU-MAIN LIBRARY (Kitwe) _H1 _I25.00 _M1 _UREFERENCE _ZReference Collection |
||
| 999 |
_c39789 _d39789 |
||